| 000 | 01387nam a2200409 c 4500 | ||
|---|---|---|---|
| 999 |
_c22901 _d22901 |
||
| 001 | 22901 | ||
| 003 | ES-MaCES | ||
| 005 | 20190510040006.0 | ||
| 008 | 100310s2009 sp 000 | spa d | ||
| 017 |
_aAB 575-2009 _bDL |
||
| 020 | _a9788496721944 | ||
| 035 | _aCES20100001900m | ||
| 040 |
_aES-MaCES _bspa _cES-MaCES |
||
| 100 | 1 |
_aDesdentado Daroca, Elena _910592 |
|
| 245 | 1 | 3 |
_aLa pensión de viudedad ante los nuevos retos del Derecho de familia _b: un estudio crítico para una prestación en crisis _cElena Desdentado Daroca |
| 250 | _a1ª ed | ||
| 260 |
_aAlbacete _bBomarzo _c2009 |
||
| 300 |
_a193 p. _c24 cm |
||
| 490 | 1 | _aColección Estudios | |
| 504 | _aBibliografía: p. 177-193 | ||
| 541 | _cCompra | ||
| 650 | 4 |
_aprestaciones de supervivencia _929079 |
|
| 650 | 4 |
_arégimen de pensión _927042 |
|
| 650 | 4 |
_aregímenes especiales de Seguridad Social _931067 |
|
| 650 | 4 |
_afamilia _927318 |
|
| 650 | 4 |
_aderecho de familia _929877 |
|
| 650 | 4 |
_aderecho civil _927156 |
|
| 650 | 4 |
_alegislación de seguridad social _929855 |
|
| 650 | 4 |
_aEspaña _926964 |
|
| 650 | 4 |
_arégimen jurídico _929894 |
|
| 650 | 4 |
_927320 _amatrimonio |
|
| 653 | 1 | 0 | _aDerecho del trabajo y Seguridad Social |
| 830 | 0 |
_aColección Estudios (Editorial Bomarzo) _939568 |
|
| 902 | _aLIB Libro | ||
| 942 |
_2CES _cBK _h6.0.1. |
||